[Event "Florianopolis op 6th"]
[Site "Florianopolis"]
[Date "2020.01.25"]
[Round "9"]
[White "Lage, Pedro Ferreira"]
[Black "Nunes, Guilherme Sacardo T"]
[Result "1/2-1/2"]
[WhiteElo "2038"]
[BlackElo "1808"]
[PlyCount "45"]
[EventDate "2020.01.20"]
[EventType "swiss"]
[EventRounds "10"]
[EventCountry "BRA"]
[SourceTitle "CBM 194 Extra"]
[Source "ChessBase"]
[SourceDate "2020.03.31"]
[SourceVersion "1"]
[SourceVersionDate "2020.03.31"]
[SourceQuality "1"]

1. Nf3 g6 2. c4 Bg7 3. Nc3 d6 4. g3 e5 5. Bg2 f5 6. d3 Nf6 7. 0-0 0-0 8. Rb1 h6 9. b4 g5 10. Qb3 Qe8 11. Nd5 Nxd5 12. cxd5 Qh5 13. Qc4 Na6 14. Bb2 f4 15. b5 Nc5 16. Bxe5 dxe5 17. Qxc5 Bh3 18. Rb4 Bxg2 19. Kxg2 g4 20. Ng1 Rf7 21. Re4 Bf8 22. Qc3 Bd6 23. Qc4 1/2-1/2

[Event "South America-ch U16 16th"]
[Site "Buenos Aires"]
[Date "2019.12.04"]
[Round "6.8"]
[White "Nunes, Guilherme Sacardo T"]
[Black "Titichoca Daza, Daniel Henry"]
[Result "0-1"]
[WhiteElo "1755"]
[BlackElo "2005"]
[PlyCount "96"]
[EventDate "2019.12.01"]
[EventType "swiss"]
[EventRounds "9"]
[EventCountry "ARG"]
[SourceTitle "EXT 2024"]
[Source "ChessBase"]
[SourceDate "2023.10.10"]
[SourceVersion "1"]
[SourceVersionDate "2023.10.10"]
[SourceQuality "1"]

1. e4 c5 2. d3 Nc6 3. g3 g6 4. Bg2 Bg7 5. f4 d6 6. Nf3 Nf6 7. 0-0 0-0 8. h3 Rb8 9. g4 b5 10. f5 b4 11. Qe1 Nd4 12. Qf2 Nd7 13. Kh1 a5 14. Nxd4 Bxd4 15. Qh4 a4 16. Nd2 Bf6 17. Qf2 Ne5 18. Rb1 Ba6 19. b3 Bb5 20. Nc4 Bxc4 21. dxc4 g5 22. h4 h6 23. Bb2 Nd7 24. Qe3 Bxb2 25. Rxb2 f6 26. Bf3 Ne5 27. Bd1 Kg7 28. h5 Ra8 29. Rf2 Qc7 30. Rd2 Ra5 31. Qe2 Rfa8 32. Qg2 Nc6 33. Qf3 Nd4 34. Qd3 Qa7 35. Kg1 axb3 36. cxb3 Qc7 37. Kh1 Qb7 38. Bf3 R8a6 39. Rf2 Qa7 40. Bd1 Rxa2 41. Rxa2 Rxa2 42. Rxa2 Qxa2 43. Kg1 Qb2 44. Kf1 Kf7 45. Kg1 Qc3 46. Qb1 Qe1+ 47. Kg2 Ne2 48. Qc2 Qg1+ 0-1

[Event "South America-ch U16 16th"]
[Site "Buenos Aires"]
[Date "2019.12.02"]
[Round "3.6"]
[White "Ibarra, Juan Martin"]
[Black "Nunes, Guilherme Sacardo T"]
[Result "1/2-1/2"]
[WhiteElo "2196"]
[BlackElo "1755"]
[PlyCount "64"]
[EventDate "2019.12.01"]
[EventType "swiss"]
[EventRounds "9"]
[EventCountry "ARG"]
[SourceTitle "EXT 2024"]
[Source "ChessBase"]
[SourceDate "2023.10.10"]
[SourceVersion "1"]
[SourceVersionDate "2023.10.10"]
[SourceQuality "1"]

1. e4 e6 2. d4 d5 3. Nc3 Nf6 4. e5 Nfd7 5. f4 c5 6. Nf3 Nc6 7. Be3 Be7 8. dxc5 Nxc5 9. Qd2 a6 10. 0-0-0 Qa5 11. Kb1 b5 12. Ne2 Qc7 13. Bxc5 Bxc5 14. Ned4 Nxd4 15. Nxd4 Bd7 16. Nf3 0-0-0 17. Bd3 h6 18. Rhf1 Kb8 19. c3 Qb6 20. Qe2 Ka7 21. a3 Rb8 22. Bc2 Rhc8 23. Rfe1 Bf2 24. Rf1 Bc5 25. Rde1 a5 26. b4 Be7 27. Qe3 Rc7 28. Kb2 Rbc8 29. bxa5 Qxe3 30. Rxe3 Bc5 31. Rd3 b4 32. cxb4 Bxb4 1/2-1/2

[Event "BRA-ch U16"]
[Site "Juiz de Fora"]
[Date "2019.04.21"]
[Round "6"]
[White "Nunes, Guilherme Sacardo T"]
[Black "Piccoli, Lucas Fonseca"]
[Result "1/2-1/2"]
[WhiteElo "1727"]
[BlackElo "2052"]
[PlyCount "63"]
[EventDate "2019.04.18"]
[EventType "swiss"]
[EventRounds "6"]
[EventCountry "BRA"]
[SourceTitle "CBM 190 Extra"]
[Source "ChessBase"]
[SourceDate "2019.07.15"]
[SourceVersion "1"]
[SourceVersionDate "2019.07.15"]
[SourceQuality "1"]

1. e4 c6 2. Nf3 d5 3. exd5 cxd5 4. Ne5 Nc6 5. d4 Nxe5 6. dxe5 e6 7. Bd3 Qc7 8. Bf4 Ne7 9. Bg3 Nc6 10. Qe2 g6 11. c3 Bg7 12. f4 a6 13. a4 Bd7 14. Bf2 Na5 15. Nd2 Rb8 16. 0-0 b5 17. b4 Nc4 18. axb5 Nxd2 19. Qxd2 Bxb5 20. Bxb5+ axb5 21. Ra7 Qc6 22. Rfa1 0-0 23. R1a6 Qc4 24. Bc5 Rfe8 25. Bd4 Bf8 26. Kf2 Re7 27. Qe2 Qc8 28. Qa2 Qd8 29. Ra8 Reb7 30. Rxb8 Rxb8 31. g3 Qc8 32. Ra7 1/2-1/2

[Event "Florianopolis op 5th"]
[Site "Florianopolis"]
[Date "2019.01.24"]
[Round "6"]
[White "Nunes, Guilherme Sacardo T"]
[Black "Federzoni, Enzo"]
[Result "0-1"]
[WhiteElo "1572"]
[BlackElo "1930"]
[PlyCount "74"]
[EventDate "2019.01.21"]
[EventType "swiss"]
[EventRounds "10"]
[EventCountry "BRA"]
[SourceTitle "EXT 2020"]
[Source "ChessBase"]
[SourceDate "2019.10.17"]
[SourceVersion "1"]
[SourceVersionDate "2019.10.17"]
[SourceQuality "1"]

1. e4 c5 2. d3 e6 3. g3 d5 4. Nc3 dxe4 5. Nxe4 Be7 6. Nf3 Nf6 7. Nxf6+ Bxf6 8. Bg2 0-0 9. 0-0 Nc6 10. h4 Qd7 11. Rb1 h6 12. Nd2 b6 13. Ne4 Be5 14. Re1 Bb7 15. a3 Rad8 16. Bf4 Bxf4 17. gxf4 Nd4 18. c3 Nf5 19. Qg4 Qa4 20. Ng3 Nxg3 21. Qxg3 Bxg2 22. Kxg2 Rd5 23. Re5 Rfd8 24. Rxd5 Rxd5 25. Re1 Qe8 26. Rd1 Rf5 27. Re1 Rf6 28. h5 Qc6+ 29. Qf3 Qxf3+ 30. Kxf3 Rf5 31. Re5 Rxe5 32. fxe5 g6 33. Kg4 Kf8 34. f4 Ke7 35. d4 cxd4 36. cxd4 Kd7 37. hxg6 fxg6 0-1

[Event "Paulista-ch"]
[Site "Sao Paulo"]
[Date "2018.11.11"]
[Round "6"]
[White "Haraguchi, Diego Sashaki"]
[Black "Nunes, Guilherme Sacardo T"]
[Result "1-0"]
[WhiteElo "1371"]
[BlackElo "1594"]
[PlyCount "91"]
[EventDate "2018.11.09"]
[EventType "swiss"]
[EventRounds "6"]
[EventCountry "BRA"]
[SourceTitle "CBM 187 Extra"]
[Source "ChessBase"]
[SourceDate "2018.11.04"]
[SourceVersion "1"]
[SourceVersionDate "2018.11.04"]
[SourceQuality "1"]

1. d4 Nf6 2. c4 g6 3. Nc3 Bg7 4. Bg5 0-0 5. Nf3 d6 6. e4 Nbd7 7. Be2 e5 8. d5 a5 9. h3 Nc5 10. Nd2 Qe8 11. 0-0 h6 12. Be3 Nfd7 13. Nb3 Nxb3 14. Qxb3 f5 15. f3 f4 16. Bf2 g5 17. Nb5 a4 18. Qb4 Qd8 19. c5 dxc5 20. Bxc5 Nxc5 21. Qxc5 Bd7 22. Qxc7 Qxc7 23. Nxc7 Rac8 24. Rfc1 Bf6 25. Rc2 Bd8 26. Rac1 Rb8 27. Bb5 Bxb5 28. Nxb5 Bb6+ 29. Kh2 Be3 30. Re1 Rbc8 31. Ree2 Rc5 32. Rxc5 Bxc5 33. Rc2 b6 34. d6 Rc8 35. Rd2 Rd8 36. d7 Kf7 37. Na7 Ke6 38. Nc6 Rxd7 39. Rxd7 Kxd7 40. Nxe5+ Ke6 41. Ng4 h5 42. Nh6 Kf6 43. Nf5 g4 44. hxg4 hxg4 45. fxg4 Ke5 46. g5 1-0

[Event "BRA-ch U16"]
[Site "Sao Paulo"]
[Date "2018.03.29"]
[Round "1"]
[White "Nunes, Guilherme Sacardo T"]
[Black "Labussiere, Victor"]
[Result "0-1"]
[WhiteElo "1484"]
[BlackElo "1938"]
[PlyCount "88"]
[EventDate "2018.03.29"]
[EventType "swiss"]
[EventRounds "6"]
[EventCountry "BRA"]
[SourceTitle "EXT 2019"]
[Source "ChessBase"]
[SourceDate "2018.10.10"]
[SourceVersion "1"]
[SourceVersionDate "2018.10.10"]
[SourceQuality "1"]

1. e4 c5 2. d3 Nc6 3. g3 g6 4. Bg2 Bg7 5. f4 d6 6. Nf3 e6 7. 0-0 Nge7 8. c3 e5 9. Na3 0-0 10. h3 a6 11. g4 exf4 12. Bxf4 d5 13. Nd2 Be6 14. Nc2 d4 15. c4 Ne5 16. Nf3 N7c6 17. Nce1 Qe7 18. Nxe5 Bxe5 19. Bh6 Bg7 20. Qd2 Ne5 21. Bxg7 Kxg7 22. Nf3 f6 23. Rad1 b6 24. Qf4 Bd7 25. Nh2 b5 26. b3 b4 27. Qg3 a5 28. h4 g5 29. hxg5 fxg5 30. Bh3 a4 31. Nf3 Rxf3 32. Rxf3 Nxf3+ 33. Qxf3 Rf8 34. Qg3 Rf4 35. Rf1 Qe5 36. Rxf4 Qxf4 37. Qxf4 gxf4 38. Kg2 axb3 39. axb3 Ba4 40. Kf2 Bxb3 41. Ke2 f3+ 42. Kd2 Kf6 43. g5+ Kxg5 44. e5 Ba4 0-1

[Event "BRA-ch U14"]
[Site "Brasilia"]
[Date "2017.04.21"]
[Round "2"]
[White "Nunes, Guilherme Sacardo T"]
[Black "Labussiere, Victor"]
[Result "0-1"]
[WhiteElo "1425"]
[BlackElo "1747"]
[PlyCount "74"]
[EventDate "2017.04.21"]
[EventType "swiss"]
[EventRounds "6"]
[EventCountry "BRA"]
[SourceTitle "CBM 177 Extra"]
[Source "ChessBase"]
[SourceDate "2017.04.27"]
[SourceVersion "1"]
[SourceVersionDate "2017.04.27"]
[SourceQuality "1"]

1. e4 c5 2. Nc3 e6 3. d3 Nc6 4. f4 g6 5. Nf3 Bg7 6. g3 Nge7 7. Bg2 0-0 8. 0-0 d6 9. h3 Rb8 10. Ne2 b5 11. g4 f5 12. g5 Bb7 13. c3 b4 14. Qb3 Bc8 15. cxb4 Rxb4 16. Qc2 Ba6 17. b3 Rb6 18. Nd2 fxe4 19. Nxe4 Nf5 20. Rb1 Nfd4 21. Nxd4 Nxd4 22. Qd1 Rxb3 23. Nf2 Qb8 24. a4 c4 25. dxc4 Bxc4 26. Re1 e5 27. Ne4 Qb6 28. Kh2 exf4 29. Nd2 Rd3 30. Qg4 Be6 31. Rxe6 Nxe6 32. Qxe6+ Kh8 33. Nf3 Rxf3 34. Bxf3 Qf2+ 35. Bg2 f3 36. Qg4 Be5+ 37. Kh1 Qe1+ 0-1

[Event "Florianopolis op 3rd"]
[Site "Florianopolis"]
[Date "2017.01.24"]
[Round "7"]
[White "Dabraccio, Guillermo"]
[Black "Nunes, Guilherme Sacardo T"]
[Result "1-0"]
[WhiteElo "1679"]
[BlackElo "1395"]
[PlyCount "93"]
[EventDate "2017.01.20"]
[EventType "swiss"]
[EventRounds "10"]
[EventCountry "BRA"]
[SourceTitle "CBM 176 Extra"]
[Source "ChessBase"]
[SourceDate "2017.03.02"]
[SourceVersion "1"]
[SourceVersionDate "2017.03.02"]
[SourceQuality "1"]

1. Nf3 e6 2. d4 d5 3. e3 c5 4. b3 Nf6 5. Bd3 Nc6 6. 0-0 Bd7 7. Bb2 Qb6 8. Nbd2 Qc7 9. a3 Bd6 10. Rc1 cxd4 11. exd4 Ne7 12. c4 Qd8 13. Ne5 0-0 14. f4 dxc4 15. Ndxc4 Bc7 16. Nxd7 Qxd7 17. Ne5 Qd8 18. Kh1 Ned5 19. Qf3 h5 20. h3 g6 21. Rf2 Nh7 22. Rfc2 Bxe5 23. fxe5 Qg5 24. Be4 Rad8 25. Bxd5 Rxd5 26. Rc8 Qd2 27. Rxf8+ Nxf8 28. Rf1 f5 29. Rf2 Qa5 30. Rc2 Qb6 31. Qe3 Rd7 32. a4 Qa6 33. Ba3 Nh7 34. Qh6 b5 35. Qxg6+ Rg7 36. Qe8+ Nf8 37. Qxf8+ Kh7 38. Qd6 Qb7 39. Qc6 Qxc6 40. Rxc6 Rd7 41. Bd6 bxa4 42. bxa4 Kg6 43. Rc7 Rxc7 44. Bxc7 Kg5 45. Kg1 Kf4 46. d5 exd5 47. e6+ 1-0

[Event "Florianopolis op 3rd"]
[Site "Florianopolis"]
[Date "2017.01.22"]
[Round "4"]
[White "Laperuta, Renan Portes"]
[Black "Nunes, Guilherme Sacardo T"]
[Result "1/2-1/2"]
[WhiteElo "1821"]
[BlackElo "1395"]
[PlyCount "43"]
[EventDate "2017.01.20"]
[EventType "swiss"]
[EventRounds "10"]
[EventCountry "BRA"]
[SourceTitle "CBM 176 Extra"]
[Source "ChessBase"]
[SourceDate "2017.03.02"]
[SourceVersion "1"]
[SourceVersionDate "2017.03.02"]
[SourceQuality "1"]

1. e4 e6 2. d4 d5 3. e5 c5 4. c3 Nc6 5. Nf3 Qb6 6. Be2 Be7 7. 0-0 f6 8. Qd3 cxd4 9. cxd4 fxe5 10. dxe5 Bc5 11. Qb5 Nge7 12. Qxb6 Bxb6 13. Bd3 a6 14. Bg5 Nb4 15. Rd1 Nec6 16. a3 Nxd3 17. Rxd3 0-0 18. Rb3 Bc7 19. Re3 g6 20. g3 Nxe5 21. Bf4 Ng4 22. Nd4 1/2-1/2